Skoki Narciarskie - Najlepsi Czesi w PŚ w XXI wieku - Statystyki

Ogólne statystyki
  • Ten quiz został rozwiązany 112 razy
  • Średni wynik to 23 z 25
Statystyki odpowiedzi
Sezon Skoczek % Poprawnych
2007/08 Roman Koudelka
99%
2008/09 Roman Koudelka
99%
2010/11 Roman Koudelka
99%
2011/12 Roman Koudelka
99%
2014/15 Roman Koudelka
99%
2015/16 Roman Koudelka
99%
2016/17 Roman Koudelka
99%
2018/19 Roman Koudelka
99%
2019/20 Roman Koudelka
99%
2021/22 Roman Koudelka
99%
2022/23 Roman Koudelka
99%
2023/24 Roman Koudelka
99%
2024/25 Roman Koudelka
99%
2000/01 Jakub Janda
96%
2001/02 Jakub Janda
96%
2002/03 Jakub Janda
96%
2003/04 Jakub Janda
96%
2004/05 Jakub Janda
96%
2005/06 Jakub Janda
96%
2006/07 Jakub Janda
96%
2009/10 Jakub Janda
96%
2012/13 Jan Matura
69%
2013/14 Jan Matura
69%
2017/18 Cestmir Kozisek
50%
2020/21 Viktor Polasek
44%
Nie znaleziono quizów pasujących do podanych kryteriów
Rozkład punktacji
Procent ludzi z każdym wynikiem
Percentyl według liczby udzielonych odpowiedzi
Twoja historia wyników
Nie rozwiązałeś tego quizu